| 000 | 00349 a2200085 4500 | ||
|---|---|---|---|
| 100 | 1 |
_aMarciniak, Mirosław. _eAutor |
|
| 245 | 0 |
_aZastosowanie metod symulacyjnych (Monte-Carlo) do zagadnień ruchu telefonicznego : _bReferat wstępny / _cMarciniak Mirosław. |
|
| 710 | 2 |
_aInstytut Łączności. _eWydawca _4pbl |
|
| 260 |
_aWarszawa : _bIŁ, _c1967. |
||
| 300 |
_aIII,89 s.; _c34 cm. |
||
| 999 |
_c16164 _d16164 |
||